000 00508nam a2200205Ia 4500
003 OSt
005 20221005122341.0
006 a|||||r|||| 00| 0
007 ta
008 221004b |||||||| |||| 00| 0 snd d
024 _a7253
037 _cTextual
040 _aCRL
_cCRL
_bsnd
041 _2snd
_asnd
082 _aV2:19(zL).L05<--I50, 1593L3
245 0 _aJang ja Jakhm
260 _c1973
942 _hV2:19(zL).L05<--I50, 1593L3
_cTEXL
_2cc
999 _c1044013
_d1044013